| 000 | 00700nam a2200229 i 4500 | ||
|---|---|---|---|
| 001 | 123561 | ||
| 003 | ES-MaACL | ||
| 005 | 20250602063225.0 | ||
| 007 | t| | ||
| 008 | 070214s1971 sp r ||||1| spa d | ||
| 100 | 1 |
_aRahner, Karl, _d1904-1984 _995012 |
|
| 245 | 1 | 1 |
_a¿Crees en Dios? / _cKarl Rahner ; versión de A. Berasain Villanueva. |
| 260 |
_aMadrid : _bTaurus, _c1971. |
||
| 300 |
_a142 p. ; _c17 cm. |
||
| 490 | 1 |
_aEl futuro de la verdad ; _v43 |
|
| 650 | 0 | 4 |
_aDios. _911900 |
| 650 | 0 | 4 |
_aFe. _912734 |
| 700 | 1 |
_aBerasain Villanueva, Ambrosio. _927828 |
|
| 830 | 0 |
_aEl futuro de la verdad ; _v43 _9180936 |
|
| 852 |
_aES-MaACL _jC-42006 _bR.77748 |
||
| 999 |
_c123561 _d123561 |
||